000 00857nam a2200277Ia 4500
003 OSt
005 20220927111830.0
006 a|||||r|||| 00| 0
007 ta
008 220926b |||||||| |||| 00| 0 eng d
024 _a67203
037 _cReports
040 _aRTL
_cRTL
_beng
041 _2eng
_aeng
082 _a"X655.2.P1t, P3/GD"
110 _a"India, Government of ...."
111 _aForeign Direct Investment (Steering Committee on....)(Chairman : N. K. Singh) (2001 : India)
_9382693
245 0 _aReport
260 _aNew
_bDelhi Academic Foundation India
_c2003
300 _a120p.
_ccm.
500 _a"India, Planning Commission, Publication"
650 _aForeign Investment
700 _a"India, Government of ...."
942 _h"X655.2.P1t, P3/GD"
_cCC
999 _c699527
_d699527